Geografie průmyslu /

Uložené v:
Podrobná bibliografia
Hlavní autori: Hrala, Václav, 1929- (Author), Vitvarová, Irina (Author)
Médium: Kniha
Jazyk:Czech
Vydané: Praha : Státní pedagogické nakladatelství, 1973
Vydanie:3. vyd.
ISBN: (brož.)
Fyzický popis: 127 s. : mp., tb.
Tagy: Pridať tag
Žiadne tagy, Buďte prvý kto otaguje tento záznam!

MARC

LEADER 00000nam a22000001 4500
001 000114101
005 20101119160159.0
008 970207s1973 xr cze d
FMT
020 |a (brož.)  |c Kčs 9,50 
040 |a SVKKK  |b slo  |c SVKKK  |e AACR2 
041 0 |a cze 
044 |a xr  |c CZ 
100 1 |a Hrala, Václav,  |d 1929-  |4 aut 
245 1 0 |a Geografie průmyslu /  |c Václav Hrala, Irina Vitvarová. 
250 |a 3. vyd. 
260 |a Praha :  |b Státní pedagogické nakladatelství,  |c 1973  |f (ST 6) 
300 |a 127 s. :  |b mp., tb. 
366 |e 2000 výt. 
500 |a Vyd. VŠE v Prahe, Fakulta obchodní 
500 |a Poznámky 
504 |a Prehľad použitej lit. 
700 1 |a Vitvarová, Irina  |4 aut 
910 |a svkkk 
998 |a BK 
OWN
Z30 1 |l SCK01  |l SCK01  |m BOOK  |1 SCKHL  |2 SK16  |b Sklad Pribinova 3. posch.  |3 V.87890  |6 496488  |q 19731119  |5 2720161539  |8 20060125  |e  0000  |f 20  |s Povinný výt.  |h SCKRT  |z 0.32  |t 20100513  |u 1838  |w 000114101  |x 000010 
a02 0 |a (brož.) 
090 |g SCKHL  |k Sklad Pribinova 3. posch.  |a V.87890  |j 496488  |i 2720161539  |s Povinný výt.